Geo-hazards challenges and solutions/ (Record no. 151707)

MARC details
000 -LEADER
fixed length control field 00827nam a22002297a 4500
005 - DATE AND TIME OF LATEST TRANSACTION
control field 20180424102728.0
010 ## - LCCN (DPL NO)
LC control number B-691525-526
020 ## - INTERNATIONAL STANDARD BOOK NUMBER
Terms of availability 1195.00
International Standard Book Number 9789327270020
035 ## - SYSTEM CONTROL NUMBER
System control number B-691525-526
037 ## - SOURCE OF ACQUISITION
Source of stock number/acquisition R.K.Books
082 ## - DEWEY DECIMAL CLASSIFICATION NUMBER
Classification number 363.34091724
100 ## - MAIN ENTRY--PERSONAL NAME
Personal name Panwar, Mohan Singh
245 ## - TITLE STATEMENT
Title Geo-hazards challenges and solutions/
Statement of responsibility, etc by Mohan Singh Panwar...[et all]
260 ## - PUBLICATION, DISTRIBUTION, ETC. (IMPRINT)
Place of publication, distribution, etc New Delhi
Name of publisher, distributor, etc Research India Press
Date of publication, distribution, etc 2014
270 ## - ADDRESS
Address E-6/34, Sangam Vihar
City New Delhi
Postal code 110062
300 ## - PHYSICAL DESCRIPTION
Extent 369p.
Dimensions 21cm.(Hb).
700 ## - ADDED ENTRY--PERSONAL NAME
Personal name Negi, R.S.
700 ## - ADDED ENTRY--PERSONAL NAME
Personal name Parmar, Manoj Kumar
700 ## - ADDED ENTRY--PERSONAL NAME
Personal name B.K.,Deviram
942 ## - ADDED ENTRY ELEMENTS (KOHA)
Source of classification or shelving scheme Dewey Decimal Classification
Item type English Books
Call number suffix PAN
Classification part 363.34091724
Holdings
Withdrawn status Lost status Not for loan Collection code Home library Current library Date acquired Source of acquisition Cost, normal purchase price Full call number Barcode Copy number Cost, replacement price Koha item type
      Non-fiction Bawana Bawana 24/04/2018 R.K.Books IN4122/17-18/26.03.2018/897/23.03.2018/27.03.2018 1195.00 363.34091724 PAN B-691526 1 1195.00 English Books
      Non-fiction Narela Narela 24/04/2018 R.K.Books IN4122/17-18/26.03.2018/897/23.03.2018/27.03.2018 1195.00 363.34091724 PAN B-691525 1 1195.00 English Books

© Delhi Public Library
Hit Counter
free hit counter